Presupuesto basado en resultados

Detalles Bibliográficos
Autor principal: Espino Miranda, Pedro
Formato: eBook
Lenguaje:español
Publicado: Ciudad de Mx̌ico: Ediciones Fiscales ISEF, 2020
Materias:
Acceso en línea:Acceso restringido

MARC

LEADER 00000nam a22000007a 4500
005 20200714230558.0
007 cr|||| ||||
008 200714s2020 mx |||||s|||| 00||0 spa d
020 |a 978-368-726-908-3 
035 |a 31785 
040 |a vLex 
090 |c 10637  |d 10637 
100 1 |a Espino Miranda, Pedro 
245 1 0 |a Presupuesto basado en resultados  |h [Recurso electrn̤ico] /  |c Pedro Espino Miranda 
256 |a Servicio en ln̕ea 
260 |a Ciudad de Mx̌ico:  |b Ediciones Fiscales ISEF,  |c 2020 
300 |a 1 recurso electrn̤ico 
506 1 |a Disponible solo en los productos indicados  |d vLex Global  |d vLex Global (Academic Edition, excluding Law Schools)  |d vLex Global (U.S. Academic Edition, Law Schools)  |d vLex Global (U.S. Academic Edition, excluding Law Schools)  |d vLex Global (Academic Edition, Law Schools) 
650 0 4 |a Derecho Pb︢lico y Administrativo  |z Mx̌ico 
740 0 |a vLex Libros (Servicio en ln̕ea) 
856 4 0 |u http://vlex.com/source/presupuesto-basado-resultados-31785  |z Acceso restringido 
942 |c BOOK 
999 0 |a Public and Administrative Law